| 000 | 00855nam a2200157Ia 4500 | ||
|---|---|---|---|
| 008 | 090124s9999 xx 000 0 und d | ||
| 082 |
_b32219 _a4424 |
||
| 245 | _a धर्म िख्र्तासचा विचार साहित्याचा ! (भाषणे व त्यावरील समीक्षा) | ||
| 250 | _a1 | ||
| 260 | _c2003 | ||
| 300 | _a420 | ||
| 630 | _a धर्म िख्र्तासचा विचार साहित्याचा ! (भाषणे व त्यावरील समीक्षा) | ||
| 700 | _aआढाव सु. श्या. (सुनील श्यामसुंदर) | ||
| 730 | _a धर्म िख्र्तासचा विचार साहित्याचा ! (भाषणे व त्यावरील समीक्षा) | ||
| 942 | _cBOOK | ||
| 999 |
_c145698 _d145698 |
||